Informe de labores secretaría general, I semestre 1982
Spremljeno u:
| Autor kompanije: | |
|---|---|
| Format: | Tekst |
| Izdano: |
San José:
CSUCA
|
| Oznake: |
Dodaj oznaku
Bez oznaka, Budi prvi tko označuje ovaj zapis!
|
MARC
| LEADER | 00000 a a2200000 04500 | ||
|---|---|---|---|
| 001 | 20790 | ||
| 003 | |||
| 040 | |||
| 090 | |a 088700 | ||
| 110 | |a CSUCA | ||
| 245 | |a Informe de labores secretaría general, I semestre 1982 | ||
| 260 | |a San José: |b CSUCA | ||
| 300 | |a 55 p. | ||
| 999 | |c 8829 |d 8829 | ||
